NCAA College Teams by State: Tennessee - Statistics

General Stats
  • This quiz has been taken 78 times
  • The average score is 12 of 25
Answer Stats
% Correct
Division I-A Tennessee Volunteers
100%
Division I-A Memphis Tigers
98%
Division I-A Vanderbilt Commodores
98%
Division I-A Middle Tennessee Blue Raiders
92%
Division I-AA Tennessee State Tigers
85%
Division I-AA Chattanooga Mocs
78%
Division I-AA Tennessee Tech Golden Eagles
77%
Division I-AA Austin Peay Governors
75%
Division I-AA East Tennessee State Buccaneers
69%
Division I-AA UT Martin Skyhawks
65%
Division I-AA Belmont Bruins
63%
Division I-AA Lipscomb Bisons
55%
Division III Maryville Scots
25%
Division III Rhodes Lynx
25%
Division III Sewanee Tigers
23%
Division II Lincoln Memorial Railsplitters
22%
Division II King Tornado
20%
Division II Lee Flames
20%
Division II Tusculum Pioneers
20%
Division II Carson-Newman Eagles
18%
Division II Lane Dragons
17%
Division II Christian Brothers Buccaneers
15%
Division II Trevecca Nazarene Trojans
15%
Division II LeMoyne-Owen Magicians
14%
Division II Union Bulldogs
14%
No matching quizzes found
Score Distribution
Percent of People with Each Score
Percentile by Number Answered
Your Score History
You have not taken this quiz